Bài toán phẳng của lý thuyết đàn hồi
Tổng quan sự phát triển các phương pháp giải bài toán phẳng của lí thuyết đàn hồi cho các phương trình cơ bản, thiết lập và giải các bài toán biên cơ bản dựa trên lí thuyết hàm biến số phức, tính chất của tích phân dạng Côsi, phép biến...
Đã lưu trong:
| Príomhúdar: | |
|---|---|
| Formáid: | Leabhar |
| Teanga: | Undetermined |
| Foilsithe: |
Hà Nội
Xây dựng
2005
|
| Ábhair: | |
| Clibeanna: |
Cuir Clib Leis
Gan Chlibeanna, Bí ar an gcéad duine leis an taifead seo a chlibeáil!
|
| Thư viện lưu trữ: | Trung tâm Học liệu Trường Đại học Cần Thơ |
|---|
| LEADER | 01006nam a2200205Ia 4500 | ||
|---|---|---|---|
| 001 | CTU_101403 | ||
| 008 | 210402s9999 xx 000 0 und d | ||
| 020 | |c 37000 | ||
| 082 | |a 531.382 | ||
| 082 | |b Ch309 | ||
| 100 | |a Nguyễn, Đình Chiều | ||
| 245 | 0 | |a Bài toán phẳng của lý thuyết đàn hồi | |
| 245 | 0 | |c Nguyễn Đình Chiều | |
| 260 | |a Hà Nội | ||
| 260 | |b Xây dựng | ||
| 260 | |c 2005 | ||
| 520 | |a Tổng quan sự phát triển các phương pháp giải bài toán phẳng của lí thuyết đàn hồi cho các phương trình cơ bản, thiết lập và giải các bài toán biên cơ bản dựa trên lí thuyết hàm biến số phức, tính chất của tích phân dạng Côsi, phép biến đổi tích phân Furiê và phương trình tích phân | ||
| 650 | |a Elasticity | ||
| 904 | |i Vương | ||
| 980 | |a Trung tâm Học liệu Trường Đại học Cần Thơ | ||